| 000 -CABECERA |
| Longitud fija campo de control |
00863nam a22002177i 4500 |
| 003 - IDENTIFICADOR DEL NÚMERO DE CONTROL |
| Identificador del número de control |
OSt |
| 005 - FECHA Y HORA DE LA ÚLTIMA TRANSACCIÓN |
| Fecha y hora de la última transacción |
20171115170323.0 |
| 008 - CÓDIGOS DE INFORMACIÓN DE LONGITUD FIJA |
| Códigos de información de longitud fija |
171115e201704 spc|||| |||| 0|0 0 spa|d |
| 017 ## - NÚMERO DE COPYRIGHT O DE DEPÓSITO LEGAL |
| Número de copyright o de depósito legal |
DL B 9427-2017 |
| Agencia que asigna el número |
Biblioteca de Catalunya |
| 020 ## - NÚMERO INTERNACIONAL NORMALIZADO PARA LIBROS |
| Número Internacional Normalizado para Libros (ISBN) |
9788408174714 |
| 040 ## - FUENTE DE LA CATALOGACIÓN |
| Centro catalogador de origen |
ES-BaBC |
| Lengua de catalogación |
cat |
| Centro transcriptor |
CDMR |
| 100 1# - PUNTO DE ACCESO PRINCIPAL-NOMBRE DE PERSONA |
| Nombre de persona |
Berzosa, Millán I., |
| 245 10 - MENCIÓN DE TÍTULO |
| Título |
Youtubers y otras especies |
| Resto del título |
: el fenómeno que ha cambiado la manera de entender los contenidos audiovisuales / |
| Mención de responsabilidad, etc. |
Millán I. Berzosa |
| 260 ## - PUBLICACIÓN, DISTRIBUCIÓN, ETC. (PIE DE IMPRENTA) |
| Lugar de publicación, distribución, etc. |
Barcelona : |
| -- |
Madrid : |
| Nombre del editor, distribuidor, etc. |
Ariel ; |
| -- |
Fundación Telefónica, |
| Fecha de publicación, distribución, etc. |
abril de 2017 |
| 300 ## - DESCRIPCIÓN FÍSICA |
| Extensión |
188 pàgines : |
| Otras características físicas |
il·lustracions ; |
| Dimensiones |
23 cm |
| 650 #7 - PUNTO DE ACCESO ADICIONAL DE MATERIA - TÉRMINO DE MATERIA |
| Término de materia o nombre geográfico como elemento inicial |
YouTube (Recurs electrònic) |
| Fuente del encabezamiento o término |
lemac |
| 650 07 - PUNTO DE ACCESO ADICIONAL DE MATERIA - TÉRMINO DE MATERIA |
| Término de materia o nombre geográfico como elemento inicial |
Xarxes socials en línia |
| Subdivisión de materia general |
Aspectes socials |
| Fuente del encabezamiento o término |
lemac |
| 9 (RLIN) |
3128 |
| 650 07 - PUNTO DE ACCESO ADICIONAL DE MATERIA - TÉRMINO DE MATERIA |
| Término de materia o nombre geográfico como elemento inicial |
Comunicació audiovisual |
| Subdivisión de materia general |
Aspectes socials |
| Fuente del encabezamiento o término |
lemac |
| 9 (RLIN) |
2084 |
| 710 ## - PUNTO DE ACCESO ADICIONAL - NOMBRE DE ENTIDAD |
| Nombre de entidad o nombre de jurisdicción como elemento inicial |
Fundación Telefónica |
| 9 (RLIN) |
4583 |
| 942 ## - ENTRADA DE ELEMENTOS AGREGADOS (KOHA) |
| Koha [por defecto] tipo de item |
Monografies |